Todos os Campeões do Gauchão - Statistics

Estatísticas Gerais
  • Esse quiz foi jogado 767 vezes
    164 desde o último reset
  • A pontuação média é 96 de 105
Estatísticas das Respostas
Ano Campeão % Correto
1921 | 1922 | 1926 | +40 others Grêmio
100%
1927 | 1934 | 1940 | +43 others Internacional
100%
1998 Juventude
95%
2000 Caxias
93%
2017 Novo Hamburgo
78%
1919 Brasil de Pelotas
74%
1920 | 1938 Guarany de Bagé
53%
1930 Pelotas
53%
1925 Bagé
34%
1936 Rio Grande
33%
1954 Renner
32%
1929 Cruzeiro-RS
16%
1933 São Paulo-RS
16%
1935 Farroupilha
14%
1939 Rio-Grandense
13%
1928 Americano-RS
9%
1937 Grêmio Santanense
7%
Nenhum quiz correspondente encontrado
Distribuição das Pontuações
Porcentagem de Pessoas com Cada Pontuação
Percentil de Números Respondidos
Sua Pontuação Histórica
Você não jogou esse quiz desde o último reset